| 000 | 00493aam a2200181 4500 | ||
|---|---|---|---|
| 005 | 20170123110808.0 | ||
| 008 | 150226b xxu||||| |||| 00| 0 eng d | ||
| 041 | _aSPA | ||
| 082 | _aDE 162 | ||
| 100 |
_aZúñiga Brenes, María Gabriela _936778 |
||
| 245 | _aInforme de Práctica Supervisada en HAP | ||
| 260 | _c2015 | ||
| 650 |
_aCOSTA RICA _936779 |
||
| 650 |
_aADMINISTRACIÓN DE EMPRESAS _9521 |
||
| 650 |
_aPRODUCCIÓN _9706 |
||
| 650 |
_aMANUAL DE PROCEDIMIENTOS _99816 |
||
| 942 | _cIP | ||
| 999 |
_c8788 _d8788 |
||